| 000 | 00345nam a2200133Ia 4500 | ||
|---|---|---|---|
| 008 | 210430s9999 xx 000 0 und d | ||
| 020 | _a978-81-203-3060-3 | ||
| 082 | _a621.4022 S6931 I | ||
| 100 |
_aS. K. Som _954167 |
||
| 245 |
_aIntroduction to Heat Transfer _cS. K. Som |
||
| 260 |
_aIndia _bPHL _c2008 |
||
| 300 | _a558P | ||
| 942 |
_cBK _2ddc |
||
| 999 |
_c564644 _d564644 |
||